000 00757nam a2200193Ia 4500
008 210417s9999 xx 000 0 und d
020 _a9788120600942
020 _b8120600940
082 _a491.44321 CAR
082 _b22.491.44321 CAR
245 0 _aCarey's A dictionary of the Bengali language : in which the words are traced to their origin and their various meanings given = Ba?m?la?-Im?reji? abhidha?na
245 0 _cCareys A dictionary of the Bengali language in which the words are traced to their origin and their various meanings given Bamla Imreji abhidhana
250 _b"616p. ; 25 cm., hbk."
260 _aNew Delhi
260 _bAsian Educational Services
260 _c1993
700 _a"Carey, William"
700 _bWilliam Carey
999 _c472471
_d472471